|
|
|
|
| LEADER |
00000nam0a2200000 4500 |
| 001 |
351556 |
| 005 |
20231102010421.0 |
| 010 |
|
|
|a 5120021042
|
| 035 |
|
|
|a (RuTPU)RU\TPU\retro\6661
|
| 090 |
|
|
|a 351556
|
| 100 |
|
|
|a 20190614d1991 k y0rusy50 ca
|
| 101 |
0 |
|
|a rus
|
| 102 |
|
|
|a UA
|
| 105 |
|
|
|a a z 001zy
|
| 200 |
1 |
|
|a Теплообмен и газодинамика в камерах отбора паровых турбин
|e [монография]
|f В. А. Маляренко [и др.]
|g Академия наук Украины (АНУ), Институт проблем машиностроения им. А. Н. Подгорного (ИПМаш)
|
| 210 |
|
|
|a Киев
|c Наукова думка
|d 1991
|
| 215 |
|
|
|a 240 с.
|c ил.
|
| 320 |
|
|
|a Библиогр.: с. 222-236
|
| 606 |
1 |
|
|a Паровые турбины
|x Регулирование температуры пара
|x Адиабатическое парообразование
|2 stltpush
|3 (RuTPU)RU\TPU\subj\48265
|9 67142
|
| 610 |
1 |
|
|a тепловое состояние
|
| 610 |
1 |
|
|a моделирование
|
| 610 |
1 |
|
|a теплообмен
|
| 610 |
1 |
|
|a характеристики
|
| 610 |
1 |
|
|a идентификация
|
| 610 |
1 |
|
|a интенсивность
|
| 610 |
1 |
|
|a теплоперенос
|
| 610 |
1 |
|
|a физическое моделирование
|
| 610 |
1 |
|
|a камеры отбора
|
| 610 |
1 |
|
|a течения
|
| 610 |
1 |
|
|a математическое моделирование
|
| 675 |
|
|
|a 621.165.016
|v 4
|
| 701 |
|
1 |
|a Маляренко
|b В. А.
|g Виталий Андреевич
|
| 701 |
|
1 |
|a Голощапов
|b В. Н.
|g Владимир Николаевич
|
| 701 |
|
1 |
|a Барсуков
|b В. А.
|g Валерий Альбертович
|
| 701 |
|
1 |
|a Котульская
|b О. В.
|g Ольга Валериевна
|
| 701 |
|
1 |
|a Черноусенко
|b О. Ю.
|g Ольга Юрьевна
|
| 712 |
0 |
2 |
|a Академия наук Украины (АНУ)
|b Институт проблем машиностроения им. А. Н. Подгорного (ИПМаш)
|c (Харьков)
|2 stltpush
|3 (RuTPU)RU\TPU\col\11522
|
| 801 |
|
1 |
|a RU
|b 63413507
|c 20190614
|
| 942 |
|
|
|c BK
|